=LDR 00000nam 2200000 4500 =001 INLIS000000000054071 =005 20190522074631 =035 ##$$a 0010-0519000133 =007 ta =008 190522###########################0#ind## =020 ##$$a 978-602-4407-1107-91-1 =082 ##$$a 616.71 =084 ##$$a 616.71 GIR n =100 #$$a Giri Wiarto =245 1#$$a Nyeri Tulang dan Sendi /$c Giri Wiarto =250 ##$$a Cet 1 =260 ##$$a Yogyakarta :$b Gosiyen Publissing,$c 2017 =300 ##$$a x,162 hlm. : $b ilus. ; $c 23 Cm. =650 ##$$a Tulang-Penyakit =504 ##$$a Bibliografi : hlm.161-162 =990 ##$$a 10351035 =990 ##$$a 31900128